000 01412aab a2200217 4500
001 768714001
003 CO-MdFUSB
005 20240607094155.0
008 170510s1993 cr ||||| |||| 00| 0 spa d
022 _a1409-1968
040 _aCO-MdFUSB
_bspa
_cCO-MdFUSB
_dCO-MdFUSB
041 _aspa
100 1 _aRamírez, Eduardo M.
_eautor
245 1 0 _aDe buen humor :
_bintroducción al uso del humor en el programa juvenil. Primera parte
_c/ Eduardo M. Ramírez
300 _aVolumen 11. Número 1 (1993), páginas 28-30
_c: 27 cm.
520 _a¿Qué sería la vida sin el humor?¿Cómo sería un individuo sin la sonrisa? A los jóvenes les gusta igual que a los niños y adultos una actividad que tiene buen humor. En su sabiduría, Dios dotó al ser humano de la capacidad del humor. Esta le permite sonreír, disfrutar la vida, recrear su espíritu y contribuir a su salid mental. El maestro, el predicador, o el líder que no toma seriamente esta característica humana, está perdiendo una de las avenidas más amplias por donde transita el aprendizaje y la enseñanza. El humor contribuye a que los jóvenes se sientan bien, liberen tensiones, graben mejor la enseñanza, se motiven a estudiar, o aun reconozcan sus errores.
653 _aTrabajo en equipo
773 0 _tApuntes Pastorales
_049442
_960184
_gVolumen 11. Número 1 (1993), páginas 28-30
_qPágina 28
942 _cANA
945 _aJTF-925
999 _c50684
_d50684